Months by Number of Letters Quiz Stats

 Plays Quiz Updated May 31, 2013

Challenge
Share
Tweet
Embed
Score 0/7 Timer 00:30
1 Play Today
Length Month % Correct
3 lettersMay
99.7%
4 lettersJune, July
99%
5 lettersMarch, April
96%
6 lettersAugust
86.1%
7 lettersJanuary, October
75.6%
8 lettersFebruary, November, December
66%
9 lettersSeptember
49.5%

You're not logged in!

Compare scores with friends on all Sporcle quizzes.
OR
Log In

You Might Also Like...

Show Comments

Extras

Top Quizzes Today


Score Distribution

Your Account Isn't Verified!

In order to create a playlist on Sporcle, you need to verify the email address you used during registration. Go to your Sporcle Settings to finish the process.

Report this User

Report this user for behavior that violates our Community Guidelines.

Details: